[Event "Catalao op 1st"]
[Site "Catalao"]
[Date "2019.02.09"]
[Round "2"]
[White "Mello, Caio Ribeiro"]
[Black "De Oliveira, Rogerio Soares"]
[Result "0-1"]
[WhiteElo "1800"]
[BlackElo "1374"]
[PlyCount "52"]
[EventDate "2019.02.09"]
[EventType "swiss"]
[EventRounds "5"]
[EventCountry "BRA"]
[SourceTitle "CBM 189 Extra"]
[Source "ChessBase"]
[SourceDate "2019.06.03"]
[SourceVersion "1"]
[SourceVersionDate "2019.06.03"]
[SourceQuality "1"]

1. e4 c6 2. d3 d5 3. Qe2 dxe4 4. dxe4 Nf6 5. Nc3 e6 6. f4 Be7 7. Nf3 b6 8. g3 Ba6 9. Qd2 0-0 10. e5 Nd5 11. Bc4 Bxc4 12. Qd4 Ba6 13. h4 c5 14. Qe4 Bb7 15. Qc4 Qc7 16. Nb5 Qc6 17. a4 Nb4 18. Nd6 Bxd6 19. exd6 Qxf3 20. Ra3 Qxh1+ 21. Kd2 N8c6 22. c3 Na5 23. Qb5 Qd5+ 24. Ke2 Qg2+ 25. Ke3 Nc2+ 26. Kd3 Be4# 0-1

[Event "Catalao op 1st"]
[Site "Catalao"]
[Date "2019.02.09"]
[Round "3"]
[White "Mello, Caio Ribeiro"]
[Black "Dorneles, Luiz Eduardo Fonsec"]
[Result "1-0"]
[WhiteElo "1800"]
[BlackElo "1042"]
[PlyCount "61"]
[EventDate "2019.02.09"]
[EventType "swiss"]
[EventRounds "5"]
[EventCountry "BRA"]
[SourceTitle "CBM 189 Extra"]
[Source "ChessBase"]
[SourceDate "2019.06.03"]
[SourceVersion "1"]
[SourceVersionDate "2019.06.03"]
[SourceQuality "1"]

1. e4 e5 2. Nf3 Nc6 3. c3 Nf6 4. Bc4 Bc5 5. 0-0 Nxe4 6. d4 exd4 7. cxd4 Bb6 8. d5 Bxf2+ 9. Kh1 Ne7 10. Nc3 Nxc3 11. bxc3 Bc5 12. Ne5 0-0 13. Nxf7 Rxf7 14. Rxf7 Kxf7 15. d6+ Kf8 16. dxe7+ Bxe7 17. h3 Bf6 18. Bg5 Bxg5 19. Qf1+ Bf6 20. Qf3 c6 21. Re1 d5 22. Bd3 Be6 23. Rxe6 d4 24. Bf5 dxc3 25. Qh5 Qd1+ 26. Kh2 Qd8 27. Qxh7 Qc7+ 28. g3 Be7 29. Bg6 Qxg3+ 30. Kxg3 Bd6+ 31. Kf2 1-0